|
|
|
|
| LEADER |
01767nam a2200541 4500 |
| 001 |
ocn890441776 |
| 003 |
OCoLC |
| 005 |
20170124072354.9 |
| 006 |
m o d |
| 007 |
cr |n||||||||| |
| 008 |
140912s2014 iau ob 001 0 eng d |
| 040 |
|
|
|a IDEBK
|b eng
|e pn
|c IDEBK
|d EBLCP
|d YDXCP
|d DG1
|d OCLCQ
|d OHI
|d RECBK
|d COO
|d DEBSZ
|d OCLCQ
|d DG1
|d GrThAP
|
| 020 |
|
|
|a 9781118845110
|q (electronic bk.)
|
| 020 |
|
|
|a 1118845110
|q (electronic bk.)
|
| 020 |
|
|
|a 1322110573
|q (ebk)
|
| 020 |
|
|
|a 9781322110578
|q (ebk)
|
| 020 |
|
|
|a 9780813822624
|q (cloth)
|
| 020 |
|
|
|a 0813822629
|q (cloth)
|
| 020 |
|
|
|a 9781118845189
|
| 020 |
|
|
|a 1118845188
|
| 029 |
1 |
|
|a DEBBG
|b BV042214907
|
| 029 |
1 |
|
|a DEBSZ
|b 431764123
|
| 029 |
1 |
|
|a DEBSZ
|b 449448908
|
| 029 |
1 |
|
|a NZ1
|b 15909361
|
| 035 |
|
|
|a (OCoLC)890441776
|
| 037 |
|
|
|a 642308
|b MIL
|
| 050 |
|
4 |
|a SF951
|b .E579 2014
|
| 082 |
0 |
4 |
|a 636.1089/51
|
| 049 |
|
|
|a MAIN
|
| 245 |
0 |
0 |
|a Equine pharmacology /
|c editors: Cynthia Cole, Bradford Bentz, Lara Maxwell.
|
| 264 |
|
1 |
|a Ames, Iowa :
|b Wiley-Blackwell,
|c 2014.
|
| 300 |
|
|
|a 1 online resource
|
| 336 |
|
|
|a text
|b txt
|2 rdacontent
|
| 337 |
|
|
|a computer
|b c
|2 rdamedia
|
| 338 |
|
|
|a online resource
|b cr
|2 rdacarrier
|
| 500 |
|
|
|a Includes index.
|
| 588 |
0 |
|
|a Print version record.
|
| 504 |
|
|
|a Includes bibliographical references and index.
|
| 650 |
|
0 |
|a Horses
|x Diseases
|x Treatment.
|
| 650 |
|
0 |
|a Horses
|x Effect of drugs on.
|
| 650 |
|
0 |
|a Veterinary pharmacology.
|
| 655 |
|
4 |
|a Electronic books.
|
| 700 |
1 |
|
|a Cole, Cynthia
|q (Cynthia Ann),
|d 1961-
|
| 700 |
1 |
|
|a Bentz, Bradford G.
|
| 700 |
1 |
|
|a Maxwell, Lara
|q (Lara K.)
|
| 776 |
0 |
8 |
|i Print version:
|z 9781322110578
|
| 856 |
4 |
0 |
|u https://doi.org/10.1002/9781118845110
|z Full Text via HEAL-Link
|
| 994 |
|
|
|a 92
|b DG1
|